| 000 | 00494nam a2200193Ia 4500 | ||
|---|---|---|---|
| 003 | GCL | ||
| 008 | 140319s9999 xx 000 0 eng d | ||
| 040 |
_aGCL / _cGCL |
||
| 082 | 0 | 4 |
_a005.43 _bP C |
| 100 | 1 | _aPERRY, PAUL J. | |
| 245 | 1 | 0 |
_aCRASH COURSE IN C / _cPERRY, PAUL J. |
| 260 |
_a[S.N] : _bQUE ، _c1993 |
||
| 300 | _a258 P | ||
| 650 | 0 | 4 | _aشعر الحرب |
| 650 | 0 | 4 | _aPROGRAMMING LANGUAGE |
| 650 | 0 | 4 | _aCONGLOMERATE CORPORATIAS |
| 650 | 0 | 4 | _aCOMPUTER PROGRM |
| 942 |
_2ddc _cBK |
||
| 999 |
_c22112 _d22112 |
||